Bezvetrie tichom

Bibliographic Details
Main Author: Brestovanská, Patrícia, 1988- (Author)
Format: Book
Language:Slovak
PhysicalDescription:218 strán 20 cm
Published: [Zvolen] Enribook 2020
ISBN:9788089948178
Edition:Vydanie prvé
Subjects:

MARC

LEADER 00000cam a2200000 4500
001 vtls011929947
003 SK-MaSNL
005 20260302093414.0
008 240210s2020 xo gr 010 p slo
015 |a SNBA2020/07 
020 |a 9788089948178  |q (viazané) 
035 |a urn:nbn:sk:snk-am00fexy 
035 |a urn:nbn:sk:snk-am3ircq 
035 |a 619BBF31-95E6-48BA-B84A-213028AFAEBD 
040 |a SNK  |b slo  |c SNK  |e rda 
041 0 |a slo 
044 |a xo  |c SK 
072 7 |a 821.162.4-1  |x Slovenská poézia  |2 konspekt 
080 |a 821.162.4-1  |2 2011 
100 1 |a Brestovanská, Patrícia,  |d 1988-  |4 aut  |9 229288 
245 1 0 |a Bezvetrie tichom  |c Patrícia Brestovanská 
250 |a Vydanie prvé 
264 1 |a [Zvolen]  |b Enribook  |c 2020 
300 |a 218 strán  |c 20 cm 
336 |a text  |b txt  |2 rdacontent 
337 |a bez média  |b n  |2 rdamedia 
338 |a zväzok  |b nc  |2 rdacarrier 
655 7 |a slovenská poézia  |2 SNKPH  |9 70444 
655 7 |a Slovak poetry  |2 SNKPHeng  |9 265010 
919 |a 978-80-89948-17-8 
958 |a LX 
999 |c 1208758  |d 1210688 
952 |a SNK  |b SNK  |y PREZ  |7 0  |p 17A1428501  |o snkSD 89212  |i snk2020/12597  |8 0  |0 0  |1 0  |4 0  |d 2020-07-13  |f 1  |l 0  |r 2026-02-24 23:05:26  |w 2026-02-24 
952 |a SNK  |b SNK  |y VYP  |7 0  |p 17A1428502  |o snkSD 89212 D1  |i snk2020/12598  |8 0  |0 0  |1 0  |4 0  |d 2020-07-13  |l 0  |r 2026-02-24 23:05:26  |w 2026-02-24